000 01019nam0a22002531 4500
001 rc\536913
005 20250621123156.0
035 _a(NLR Aleph) 005774379
090 _a5063739
_c5063739
100 _a20030616d1988 |||y0rusy50 ca
101 0 _arus
102 _aRU
105 _aa |||||||||
200 1 _aРазработка и внедрение пирометаллургических способов в технологии германийсодержащего сырья
_eДис. на соиск. учен. степ. д. т. н. в форме науч. докл.
_fАН СССР, Урал. отд-ние, Ин-т металлургии
210 _aСвердловск
_cБ. и.
_d1988
215 _a61 с.
_cил.
320 _aСписок работ авт.: с. 55-61
333 _aДСП. Экз. № 9
700 1 _aТанутров
_bИ.Н.
_gИгорь Николаевич
801 0 _aRU
_bNLR
_gpsbo
801 1 _aRU
_bELAR
_2rusmarc
852 _aNLR
_j88-50К/8162
942 _cBOOK
980 _aNB